[Event "European Individual Chess Championship 2017"]
[Site "?"]
[Date "2017.06.09"]
[Round "10.36"]
[White "Melkumyan, Hrant"]
[Black "Kobo, Ori"]
[Result "1-0"]
[BlackElo "2476"]
[WhiteElo "2613"]
[LiveChessVersion "1.4.8"]

1. Nf3 {[%clk 1:23:37]} Nf6 {[%clk 1:30:43]} 2. c4 {[%clk 1:23:43]} c5
{[%clk 1:31:05]} 3. Nc3 {[%clk 1:23:52]} d5 {[%clk 1:31:26]} 4. cxd5
{[%clk 1:24:15]} Nxd5 {[%clk 1:31:48]} 5. e3 {[%clk 1:24:38]} e6 {[%clk 1:31:48]}
6. Nxd5 {[%clk 1:24:47]} exd5 {[%clk 1:32:00]} 7. Bb5+ {[%clk 1:25:06]} Bd7
{[%clk 1:18:57]} 8. Bxd7+ {[%clk 1:25:26]} Qxd7 {[%clk 1:16:58]} 9. b3
{[%clk 1:25:27]} Be7 {[%clk 1:15:23]} 10. Bb2 {[%clk 1:24:33]} O-O
{[%clk 1:15:44]} 11. O-O {[%clk 1:24:47]} d4 {[%clk 1:03:30]} 12. exd4
{[%clk 1:21:10]} Bf6 {[%clk 1:03:28]} 13. Ne5 {[%clk 1:05:01]} Qd5
{[%clk 0:58:50]} 14. Qf3 {[%clk 1:03:34]} Qxf3 {[%clk 0:56:06]} 15. Nxf3
{[%clk 1:03:57]} Nc6 {[%clk 0:53:16]} 16. Rac1 {[%clk 1:04:18]} cxd4
{[%clk 0:51:31]} 17. Rc4 {[%clk 1:00:45]} Rfd8 {[%clk 0:45:39]} 18. Re1
{[%clk 0:59:31]} Rd5 {[%clk 0:44:48]} 19. g4 {[%clk 0:54:38]} Rad8
{[%clk 0:39:21]} 20. Kg2 {[%clk 0:53:18]} g5 {[%clk 0:36:22]} 21. d3
{[%clk 0:50:02]} a5 {[%clk 0:31:40]} 22. Ba3 {[%clk 0:48:00]} Kg7
{[%clk 0:31:45]} 23. Rc2 {[%clk 0:41:58]} R8d7 {[%clk 0:26:08]} 24. Re8
{[%clk 0:35:19]} h6 {[%clk 0:24:45]} 25. h3 Rd8 {[%clk 0:22:04]} 26. Rce2
{[%clk 0:29:35]} Kg6 {[%clk 0:17:08]} 27. Rxd8 {[%clk 0:26:11]} Rxd8
{[%clk 0:16:01]} 28. Rc2 {[%clk 0:26:30]} Bg7 {[%clk 0:12:05]} 29. h4
{[%clk 0:21:46]} gxh4 {[%clk 0:05:59]} 30. Nxh4+ {[%clk 0:21:02]} Kf6
{[%clk 0:06:24]} 31. Nf3 {[%clk 0:10:03]} Rd5 {[%clk 0:04:55]} 32. Re2
{[%clk 0:07:28]} a4 {[%clk 0:04:13]} 33. bxa4 {[%clk 0:07:28]} Ra5
{[%clk 0:04:26]} 34. Bd6 {[%clk 0:07:13]} Rxa4 {[%clk 0:04:16]} 35. Kg3
{[%clk 0:04:07]} Ra5 {[%clk 0:04:06]} 36. Kf4 {[%clk 0:01:10]} Rd5
{[%clk 0:03:29]} 37. Be5+ {[%clk 0:00:56]} Kg6 {[%clk 0:02:11]} 38. Nh4+
{[%clk 0:01:06]} Kh7 {[%clk 0:02:39]} 39. Bxg7 {[%clk 0:01:29]} Kxg7
{[%clk 0:03:01]} 40. Nf5+ {[%clk 0:31:34]} Kg6 {[%clk 0:30:31]} 41. Re8
{[%clk 0:28:14]} Kh7 {[%clk 0:25:05]} 42. Ke4 {[%clk 0:25:03]} Rd7
{[%clk 0:18:38]} 43. a3 {[%clk 0:24:55]} b5 {[%clk 0:12:38]} 44. Ra8
{[%clk 0:23:30]} f6 {[%clk 0:09:28]} 45. f4 {[%clk 0:22:45]} Kg6 {[%clk 0:05:40]}
46. Rh8 {[%clk 0:21:49]} Rh7 {[%clk 0:05:32]} 47. Rg8+ {[%clk 0:20:41]} 1-0

[Event "European Individual Chess Championship 2017"]
[Site "?"]
[Date "2017.06.09"]
[Round "10.37"]
[White "Kryakvin, Dmitry"]
[Black "Leko, Peter"]
[Result "1/2-1/2"]
[BlackElo "2703"]
[WhiteElo "2560"]
[LiveChessVersion "1.4.8"]

1. d4 {[%clk 1:30:57]} Nf6 {[%clk 1:24:44]} 2. Bf4 {[%clk 1:31:22]} e6
{[%clk 1:24:33]} 3. e3 {[%clk 1:31:44]} c5 {[%clk 1:22:33]} 4. c3
{[%clk 1:32:06]} cxd4 {[%clk 1:19:50]} 5. exd4 {[%clk 1:30:49]} b6
{[%clk 1:19:23]} 6. Nf3 {[%clk 1:30:41]} Be7 {[%clk 1:19:37]} 7. h3
{[%clk 1:30:44]} O-O {[%clk 1:19:59]} 8. Nbd2 {[%clk 1:31:03]} d6
{[%clk 1:16:56]} 9. Bh2 {[%clk 1:28:59]} Ba6 {[%clk 1:13:28]} 10. Bxa6
{[%clk 1:29:18]} Nxa6 {[%clk 1:13:57]} 11. a4 {[%clk 1:29:21]} Nc7
{[%clk 1:10:27]} 12. Nc4 {[%clk 1:25:46]} Ncd5 {[%clk 1:08:09]} 13. Qb3
{[%clk 1:19:11]} a6 {[%clk 1:03:56]} 14. O-O {[%clk 1:16:41]} Rb8
{[%clk 0:58:41]} 15. Ncd2 {[%clk 1:12:02]} Nc7 {[%clk 0:42:43]} 16. Rfc1
{[%clk 1:06:02]} b5 {[%clk 0:40:53]} 17. axb5 {[%clk 1:06:05]} axb5
{[%clk 0:41:22]} 18. Ra7 {[%clk 1:05:19]} Nfd5 {[%clk 0:37:14]} 19. Rca1
{[%clk 0:59:50]} Qd7 {[%clk 0:36:07]} 20. Ne1 {[%clk 0:54:33]} Qc6
{[%clk 0:33:51]} 21. Nd3 {[%clk 0:52:33]} Rfc8 {[%clk 0:31:04]} 22. Bg3
{[%clk 0:47:24]} h6 {[%clk 0:31:05]} 23. Qd1 {[%clk 0:43:22]} Ra8
{[%clk 0:28:58]} 24. Rxa8 {[%clk 0:35:03]} Nxa8 {[%clk 0:25:53]} 25. Nf4
{[%clk 0:33:43]} Nab6 {[%clk 0:25:26]} 26. Nxd5 {[%clk 0:34:06]} Qxd5
{[%clk 0:23:11]} 27. Ra7 {[%clk 0:32:34]} Bf8 {[%clk 0:16:41]} 28. Nf1
{[%clk 0:28:03]} Ra8 29. Ne3 Qc6 {[%clk 0:17:02]} 30. Qa1 {[%clk 0:21:59]} Rxa7
{[%clk 0:17:23]} 31. Qxa7 {[%clk 0:22:24]} Nc4 {[%clk 0:13:53]} 32. Nxc4
{[%clk 0:21:05]} bxc4 {[%clk 0:14:21]} 33. Qb8 {[%clk 0:20:59]} Qd5
{[%clk 0:12:39]} 34. Kh2 {[%clk 0:14:56]} f6 {[%clk 0:09:22]} 35. f3
{[%clk 0:14:13]} e5 {[%clk 0:07:49]} 36. Qe8 exd4 {[%clk 0:08:00]} 37. cxd4
{[%clk 0:12:48]} f5 {[%clk 0:07:23]} 38. Be1 {[%clk 0:08:43]} Qf7
{[%clk 0:05:02]} 39. Qa8 {[%clk 0:36:54]} Qe6 40. Bc3 Kf7 {[%clk 0:31:50]} 41. d5
{[%clk 0:31:41]} Qd7 {[%clk 0:26:29]} 42. Qa6 {[%clk 0:26:57]} Qc7
{[%clk 0:26:45]} 43. Ba5 {[%clk 0:23:33]} Qe7 {[%clk 0:21:24]} 44. Qxc4
{[%clk 0:19:53]} Qe5+ {[%clk 0:19:26]} 45. f4 {[%clk 0:17:59]} Qe3
{[%clk 0:18:44]} 46. Bc3 {[%clk 0:16:13]} h5 {[%clk 0:16:48]} 47. Qd4
{[%clk 0:13:38]} Qe2 {[%clk 0:14:45]} 48. Qd2 {[%clk 0:11:47]} Qc4
{[%clk 0:13:46]} 49. Kg3 {[%clk 0:11:11]} Kg6 {[%clk 0:12:04]} 50. Kf2
{[%clk 0:10:42]} h4 {[%clk 0:11:14]} 51. Qd4 {[%clk 0:10:39]} Qb5
{[%clk 0:07:42]} 52. Kg1 {[%clk 0:09:13]} Qe2 {[%clk 0:04:21]} 53. Kh2
{[%clk 0:07:08]} Kh7 {[%clk 0:02:30]} 54. Qd2 {[%clk 0:06:41]} Qc4
{[%clk 0:02:44]} 55. Kg1 {[%clk 0:05:25]} Kg8 {[%clk 0:02:59]} 56. Kf2
{[%clk 0:05:31]} Kh7 {[%clk 0:03:05]} 57. Qd4 {[%clk 0:05:31]} Qb5
{[%clk 0:03:29]} 58. Ke3 {[%clk 0:04:16]} Kg6 {[%clk 0:03:16]} 59. Qd3
{[%clk 0:03:54]} Qb6+ {[%clk 0:02:15]} 60. Kf3 {[%clk 0:04:01]} Qb3
{[%clk 0:02:08]} 61. Ke2 {[%clk 0:02:21]} Qa4 {[%clk 0:01:37]} 62. Ke3
{[%clk 0:01:55]} Qb3 {[%clk 0:01:26]} 63. Kd2 {[%clk 0:01:52]} Qa2
{[%clk 0:00:45]} 64. Qb5 {[%clk 0:01:44]} Kh7 {[%clk 0:01:08]} 65. Kc2
{[%clk 0:01:42]} Kg8 {[%clk 0:01:21]} 66. Kd2 {[%clk 0:01:20]} Kh7
{[%clk 0:01:08]} 67. Ke2 {[%clk 0:01:17]} Qa8 {[%clk 0:00:44]} 68. Qd3
{[%clk 0:00:55]} Kg6 {[%clk 0:01:02]} 69. b4 {[%clk 0:00:32]} Qa2+
{[%clk 0:01:13]} 70. Bd2 {[%clk 0:00:40]} Be7 {[%clk 0:01:06]} 71. b5
{[%clk 0:00:46]} Bf6 {[%clk 0:00:41]} 72. Kf3 {[%clk 0:00:58]} Qb2
{[%clk 0:00:33]} 73. Be3 {[%clk 0:01:22]} Bd8 {[%clk 0:00:43]} 74. Bf2
{[%clk 0:00:51]} Qb4 {[%clk 0:00:58]} 75. Bd4 {[%clk 0:00:39]} Bf6
{[%clk 0:00:56]} 76. Bxf6 {[%clk 0:00:38]} gxf6 {[%clk 0:00:50]} 77. g4
{[%clk 0:00:52]} hxg3 {[%clk 0:01:16]} 78. Kxg3 {[%clk 0:01:18]} Qc5
{[%clk 0:00:59]} 79. Kg2 {[%clk 0:01:35]} Qb4 {[%clk 0:01:17]} 80. h4
{[%clk 0:01:43]} Kh6 {[%clk 0:00:50]} 81. Kf3 {[%clk 0:01:30]} Qe1
{[%clk 0:00:43]} 82. Qd4 {[%clk 0:00:54]} Qxh4 {[%clk 0:00:37]} 83. Ke2
{[%clk 0:00:57]} Qg4+ {[%clk 0:00:39]} 84. Kd2 {[%clk 0:01:13]} Kg6
{[%clk 0:00:53]} 85. Kc3 {[%clk 0:01:27]} Qe2 {[%clk 0:00:35]} 86. Kb4
{[%clk 0:01:48]} Qa2 {[%clk 0:00:53]} 87. Qc4 {[%clk 0:01:27]} Qa7
{[%clk 0:00:57]} 88. Qc6 {[%clk 0:01:18]} Qd4+ {[%clk 0:01:23]} 89. Ka5
{[%clk 0:01:24]} Qa7+ {[%clk 0:01:51]} 90. Qa6 {[%clk 0:01:34]} Qc5
{[%clk 0:02:13]} 91. Qc6 {[%clk 0:01:37]} Qa7+ {[%clk 0:02:42]} 92. Kb4
{[%clk 0:01:52]} Qd4+ {[%clk 0:03:06]} 93. Qc4 {[%clk 0:02:20]} Qa7
{[%clk 0:02:54]} 94. Qc3 {[%clk 0:01:34]} Qb6 {[%clk 0:02:37]} 95. Ka4
{[%clk 0:01:05]} Qa7+ {[%clk 0:02:52]} 96. Kb3 {[%clk 0:00:48]} Qb6
{[%clk 0:02:53]} 97. Kb4 {[%clk 0:00:38]} Qa7 {[%clk 0:03:02]} 98. Qg3+
{[%clk 0:00:37]} Kh6 {[%clk 0:02:46]} 99. Qd3 {[%clk 0:00:51]} Kg6
{[%clk 0:02:56]} 100. Kb3 {[%clk 0:01:05]} Qc5 {[%clk 0:02:44]} 101. Qc4
{[%clk 0:00:35]} Qe3+ {[%clk 0:02:03]} 102. Kb4 {[%clk 0:00:40]} Qa7 1/2-1/2

[Event "European Individual Chess Championship 2017"]
[Site "?"]
[Date "2017.06.09"]
[Round "10.38"]
[White "Mamedov, Rauf"]
[Black "Deac, Bogdan-Daniel"]
[Result "1-0"]
[BlackElo "2572"]
[WhiteElo "2689"]
[LiveChessVersion "1.4.8"]

1. e4 {[%clk 1:28:31]} c6 {[%clk 1:30:59]} 2. Nc3 {[%clk 1:28:58]} d5
{[%clk 1:31:21]} 3. d4 {[%clk 1:26:30]} dxe4 {[%clk 1:31:47]} 4. Nxe4
{[%clk 1:26:57]} Bf5 {[%clk 1:32:11]} 5. Ng3 {[%clk 1:26:39]} Bg6 6. N1e2
{[%clk 1:24:27]} Nf6 {[%clk 1:28:50]} 7. h4 {[%clk 1:24:24]} h6 {[%clk 1:29:14]}
8. Nf4 {[%clk 1:24:50]} Bh7 {[%clk 1:28:39]} 9. Bc4 {[%clk 1:24:50]} e6
{[%clk 1:15:01]} 10. c3 {[%clk 1:20:28]} Nbd7 {[%clk 1:01:50]} 11. O-O
{[%clk 1:16:56]} Nb6 {[%clk 0:54:05]} 12. Bb3 {[%clk 1:16:07]} Bd6
{[%clk 0:47:48]} 13. Qf3 {[%clk 0:59:27]} O-O {[%clk 0:44:18]} 14. Re1
{[%clk 0:58:04]} Nbd5 {[%clk 0:37:37]} 15. Nd3 {[%clk 0:51:59]} a5
{[%clk 0:31:49]} 16. a3 {[%clk 0:48:37]} a4 {[%clk 0:31:04]} 17. Ba2
{[%clk 0:44:54]} b5 {[%clk 0:31:30]} 18. Bd2 {[%clk 0:41:51]} Rc8
{[%clk 0:28:07]} 19. Rac1 {[%clk 0:32:59]} Re8 {[%clk 0:19:12]} 20. Rcd1
{[%clk 0:16:55]} Bb8 {[%clk 0:16:31]} 21. Bc1 {[%clk 0:15:41]} Nd7
{[%clk 0:16:40]} 22. h5 {[%clk 0:12:03]} Qh4 {[%clk 0:02:46]} 23. Ne5
{[%clk 0:09:27]} N7f6 {[%clk 0:03:07]} 24. Qe2 {[%clk 0:06:06]} Nf4
{[%clk 0:02:04]} 25. Bxf4 {[%clk 0:04:09]} Qxf4 {[%clk 0:02:28]} 26. Bb1
{[%clk 0:03:44]} Bxb1 {[%clk 0:01:57]} 27. Rxb1 {[%clk 0:04:11]} Red8
{[%clk 0:00:47]} 28. Rbd1 {[%clk 0:03:03]} Rc7 {[%clk 0:00:35]} 29. Rd3
{[%clk 0:02:41]} Rd5 {[%clk 0:00:59]} 30. Nf1 {[%clk 0:01:42]} Qg5
{[%clk 0:01:03]} 31. Rh3 {[%clk 0:01:06]} Ne8 {[%clk 0:00:57]} 32. Rg3
{[%clk 0:01:14]} Qe7 {[%clk 0:01:08]} 33. Ne3 {[%clk 0:01:14]} Rd8
{[%clk 0:01:28]} 34. N3g4 {[%clk 0:01:16]} Kh8 {[%clk 0:01:30]} 35. Rf3
{[%clk 0:01:43]} Nf6 {[%clk 0:00:40]} 36. Nxf6 {[%clk 0:01:35]} gxf6
{[%clk 0:01:09]} 37. Qe3 {[%clk 0:02:00]} 1-0

[Event "European Individual Chess Championship 2017"]
[Site "?"]
[Date "2017.06.09"]
[Round "10.39"]
[White "Moiseenko, Alexander"]
[Black "Michalik, Peter"]
[Result "1/2-1/2"]
[BlackElo "2558"]
[WhiteElo "2677"]
[LiveChessVersion "1.4.8"]

1. d4 {[%clk 1:30:08]} Nf6 {[%clk 1:30:54]} 2. c4 {[%clk 1:30:19]} e6
{[%clk 1:31:17]} 3. Nf3 {[%clk 1:30:41]} d5 {[%clk 1:31:41]} 4. Nc3
{[%clk 1:31:06]} Bb4 {[%clk 1:32:04]} 5. Bg5 {[%clk 1:25:03]} h6 {[%clk 1:32:22]}
6. Bxf6 {[%clk 1:24:49]} Qxf6 {[%clk 1:32:44]} 7. Qa4+ {[%clk 1:23:36]} Nc6
{[%clk 1:33:06]} 8. e3 {[%clk 1:23:07]} O-O {[%clk 1:31:43]} 9. Be2
{[%clk 1:20:33]} Bd7 {[%clk 1:07:37]} 10. Qb3 {[%clk 1:19:48]} dxc4
{[%clk 1:06:48]} 11. Qxc4 {[%clk 1:19:54]} Qe7 {[%clk 1:01:54]} 12. O-O
{[%clk 1:15:34]} Bd6 {[%clk 0:55:44]} 13. Ne4 {[%clk 1:08:30]} Rfc8
{[%clk 0:53:48]} 14. Rac1 {[%clk 1:04:16]} e5 {[%clk 0:51:40]} 15. d5
{[%clk 0:59:08]} Nd8 {[%clk 0:51:46]} 16. Nfd2 {[%clk 0:55:23]} c6
{[%clk 0:42:28]} 17. a3 {[%clk 0:41:18]} cxd5 {[%clk 0:38:34]} 18. Qxd5
{[%clk 0:41:44]} Bc7 {[%clk 0:38:55]} 19. Rfd1 {[%clk 0:39:57]} Ba4
{[%clk 0:22:44]} 20. b3 {[%clk 0:35:11]} Bc6 {[%clk 0:22:45]} 21. Qc5
{[%clk 0:35:20]} Qxc5 {[%clk 0:21:22]} 22. Nxc5 {[%clk 0:35:33]} Bd6
{[%clk 0:21:29]} 23. b4 {[%clk 0:31:54]} b6 {[%clk 0:18:16]} 24. Nce4
{[%clk 0:28:03]} Bf8 {[%clk 0:18:27]} 25. Ba6 {[%clk 0:25:01]} Bb7
{[%clk 0:14:44]} 26. Bxb7 {[%clk 0:24:37]} Nxb7 {[%clk 0:15:09]} 27. g4
{[%clk 0:20:45]} a5 {[%clk 0:15:01]} 28. Nc4 {[%clk 0:15:42]} axb4
{[%clk 0:14:58]} 29. axb4 {[%clk 0:15:57]} Bxb4 {[%clk 0:14:14]} 30. Nxb6
{[%clk 0:15:59]} Rxc1 {[%clk 0:14:40]} 31. Rxc1 {[%clk 0:16:24]} Rd8
{[%clk 0:14:48]} 32. Rb1 {[%clk 0:15:57]} Bf8 {[%clk 0:07:09]} 33. Nc4
{[%clk 0:15:43]} Rd7 {[%clk 0:07:25]} 34. Nxe5 {[%clk 0:15:01]} Re7
{[%clk 0:07:49]} 35. Nd2 {[%clk 0:12:11]} Rxe5 {[%clk 0:05:50]} 36. Rxb7
{[%clk 0:12:34]} h5 {[%clk 0:03:33]} 37. Nf3 {[%clk 0:12:11]} Ra5
{[%clk 0:03:49]} 38. g5 {[%clk 0:11:50]} g6 {[%clk 0:04:06]} 39. Kg2
{[%clk 0:11:03]} Bg7 {[%clk 0:04:27]} 40. h4 {[%clk 0:39:24]} Ra4
{[%clk 0:34:13]} 41. Kg3 {[%clk 0:38:06]} Bc3 {[%clk 0:24:43]} 42. Rc7
{[%clk 0:35:54]} Bg7 {[%clk 0:22:18]} 43. Rc8+ {[%clk 0:33:44]} Kh7
{[%clk 0:22:29]} 44. Nd2 {[%clk 0:32:34]} Rg4+ {[%clk 0:18:19]} 45. Kh3
{[%clk 0:31:54]} Rg1 {[%clk 0:18:23]} 46. Kh2 {[%clk 0:23:00]} Rg4
{[%clk 0:15:23]} 47. Rc4 {[%clk 0:16:35]} Rxc4 {[%clk 0:13:10]} 48. Nxc4
{[%clk 0:17:01]} f5 {[%clk 0:13:31]} 49. gxf6 {[%clk 0:16:03]} Bxf6
{[%clk 0:13:57]} 50. Kg3 {[%clk 0:16:29]} Kg7 {[%clk 0:14:12]} 51. Nd2
{[%clk 0:15:10]} Be5+ {[%clk 0:14:23]} 52. Kg2 {[%clk 0:12:39]} Kf6
{[%clk 0:13:38]} 53. f4 {[%clk 0:12:58]} Bc7 {[%clk 0:13:54]} 54. Ne4+
{[%clk 0:12:37]} Ke6 {[%clk 0:12:33]} 55. Kf3 {[%clk 0:12:39]} Ba5
{[%clk 0:12:00]} 56. Nc5+ {[%clk 0:12:51]} Kf7 {[%clk 0:11:23]} 57. Nd3
{[%clk 0:13:01]} Bd8 {[%clk 0:11:41]} 58. Kg3 {[%clk 0:12:12]} Ba5
{[%clk 0:10:56]} 59. e4 {[%clk 0:11:47]} Bc3 {[%clk 0:10:13]} 60. Ne5+
{[%clk 0:08:59]} Bxe5 {[%clk 0:05:47]} 61. fxe5 {[%clk 0:09:25]} Ke7
{[%clk 0:06:10]} 62. Kf3 {[%clk 0:08:41]} Kf7 {[%clk 0:06:32]} 63. Ke3
{[%clk 0:08:15]} Ke7 {[%clk 0:06:49]} 64. e6 {[%clk 0:06:53]} Kf6
{[%clk 0:02:27]} 65. e5+ {[%clk 0:05:45]} Kxe6 {[%clk 0:01:51]} 66. Ke4
{[%clk 0:06:07]} Kd7 {[%clk 0:01:56]} 67. Kd5 {[%clk 0:05:30]} Ke7
{[%clk 0:02:21]} 68. e6 {[%clk 0:05:28]} g5 {[%clk 0:02:30]} 69. hxg5
{[%clk 0:05:51]} h4 {[%clk 0:02:57]} 70. g6 {[%clk 0:05:10]} h3 {[%clk 0:03:24]}
71. g7 {[%clk 0:05:34]} h2 {[%clk 0:03:51]} 72. g8=Q {[%clk 0:05:35]} h1=Q+
{[%clk 0:04:16]} 73. Ke5 {[%clk 0:05:29]} Qe1+ {[%clk 0:04:39]} 1/2-1/2

[Event "European Individual Chess Championship 2017"]
[Site "?"]
[Date "2017.06.09"]
[Round "10.40"]
[White "Chigaev, Maksim"]
[Black "Safarli, Eltaj"]
[Result "1/2-1/2"]
[BlackElo "2668"]
[WhiteElo "2559"]
[LiveChessVersion "1.4.8"]

1. d4 {[%clk 1:30:55]} Nf6 {[%clk 1:27:34]} 2. Bg5 {[%clk 1:31:18]} e6
{[%clk 1:24:38]} 3. e4 {[%clk 1:30:14]} c5 {[%clk 1:24:10]} 4. Nd2
{[%clk 1:26:54]} h6 {[%clk 1:20:16]} 5. Bh4 {[%clk 1:26:56]} d5 {[%clk 1:14:48]}
6. e5 {[%clk 1:20:53]} g5 {[%clk 1:14:28]} 7. Bg3 {[%clk 1:21:05]} Ne4
{[%clk 1:12:31]} 8. Nxe4 {[%clk 1:17:39]} dxe4 {[%clk 1:12:56]} 9. dxc5
{[%clk 1:18:03]} Qxd1+ {[%clk 1:12:06]} 10. Rxd1 {[%clk 1:18:23]} Bxc5
{[%clk 1:12:22]} 11. Ne2 {[%clk 1:11:54]} Nc6 {[%clk 1:09:18]} 12. Nc3
{[%clk 1:08:33]} Bb4 {[%clk 1:05:16]} 13. h4 {[%clk 1:08:36]} Rg8
{[%clk 1:04:38]} 14. hxg5 {[%clk 1:08:38]} hxg5 {[%clk 1:05:04]} 15. Rh7
{[%clk 1:07:06]} Bd7 {[%clk 1:03:36]} 16. Be2 {[%clk 1:04:51]} Rc8
{[%clk 0:58:38]} 17. Bh5 {[%clk 0:57:43]} Nd8 {[%clk 0:57:38]} 18. Kd2
{[%clk 0:51:45]} Bc6 {[%clk 0:53:12]} 19. a3 {[%clk 0:46:00]} Bxc3+
{[%clk 0:50:36]} 20. bxc3 {[%clk 0:46:21]} Bd5 {[%clk 0:47:43]} 21. Re1
{[%clk 0:42:56]} Rc7 {[%clk 0:44:31]} 22. f3 {[%clk 0:42:57]} exf3
{[%clk 0:43:22]} 23. gxf3 {[%clk 0:43:19]} Nc6 {[%clk 0:40:18]} 24. Rg1
{[%clk 0:38:03]} Kf8 {[%clk 0:35:37]} 25. Kc1 {[%clk 0:37:39]} b6
{[%clk 0:31:16]} 26. Bf2 {[%clk 0:27:53]} Rd7 {[%clk 0:27:49]} 27. Be3
{[%clk 0:22:56]} Nxe5 {[%clk 0:27:36]} 28. Bxg5 {[%clk 0:22:54]} Ke8
{[%clk 0:27:06]} 29. Rg3 {[%clk 0:23:17]} Bxf3 {[%clk 0:15:36]} 30. Bxf3
{[%clk 0:23:34]} Rxg5 {[%clk 0:15:14]} 31. Rxg5 {[%clk 0:23:52]} Nxf3
{[%clk 0:15:41]} 32. Rg8+ {[%clk 0:22:24]} Ke7 {[%clk 0:16:08]} 33. Rhh8
{[%clk 0:22:40]} Ne5 {[%clk 0:08:31]} 34. Re8+ {[%clk 0:22:41]} Kd6
{[%clk 0:07:23]} 35. Rd8 {[%clk 0:22:59]} f5 {[%clk 0:04:47]} 36. a4
{[%clk 0:20:41]} a5 {[%clk 0:04:10]} 37. Rb8 {[%clk 0:20:36]} Kc5
{[%clk 0:03:22]} 38. Rbc8+ {[%clk 0:17:17]} Nc6 {[%clk 0:03:02]} 39. c4
{[%clk 0:16:24]} Rd6 {[%clk 0:01:37]} 40. Rh3 {[%clk 0:43:57]} Rd8
{[%clk 0:30:32]} 41. Rc7 {[%clk 0:44:18]} Rd4 {[%clk 0:24:35]} 42. Re3
{[%clk 0:27:11]} Kd6 {[%clk 0:24:17]} 43. Rb7 {[%clk 0:27:15]} Rxc4
{[%clk 0:18:22]} 44. Rxb6 {[%clk 0:27:36]} e5 {[%clk 0:15:33]} 45. Kd2
{[%clk 0:26:59]} f4 {[%clk 0:08:55]} 46. Rc3 {[%clk 0:26:17]} Rxc3
{[%clk 0:09:22]} 47. Kxc3 {[%clk 0:26:39]} Kd5 {[%clk 0:09:17]} 48. Kd2
{[%clk 0:25:40]} e4 {[%clk 0:04:24]} 1/2-1/2